Origins and Earl Development of Shia Islam (Record no. 3182)

MARC details
000 -LEADER
fixed length control field 00383nam a2200157 a 4500
082 00 - DEWEY DECIMAL CLASSIFICATION NUMBER
Classification number 297.82
Author Cutter JAF1
100 ## - MAIN ENTRY--AUTHOR NAME
Author name Jafri, S H M
245 ## - TITLE STATEMENT
Title Origins and Earl Development of Shia Islam
260 ## - PUBLICATION, DISTRIBUTION, ETC. (IMPRINT)
Place of publication Iran
Name of publisher Ansariyan Pub
Year of publication 1989
300 ## - PHYSICAL DESCRIPTION
Number of Pages 332p
500 ## - GENERAL NOTE
General note includes index and biblioraphy
505 2# - FORMATTED CONTENTS NOTE
Formatted contents note Glossary
650 ## - SUBJECT ADDED ENTRY--TOPICAL TERM
Topical Term Shiah-Origin
942 ## - ADDED ENTRY ELEMENTS (KOHA)
Koha item type Books
700 1# -
-- Jafri, S H M
Holdings
Home library Current library Date acquired Cost, normal purchase price Full call number Accession Number Koha item type
Henry Martyn Institute Library Henry Martyn Institute Library 06/26/2018 709.50 297.82 JAF1 09363 E-Books
Henry Martyn Institute Library Henry Martyn Institute Library 06/26/2018 709.50 297.82 JAF2 015352 Books
                   Copyright © 2026 | Henry Martyn Institute | Hyderabad | TS-500052 | INDIA | Implemented by hmi.edu.in
Hit-Count:

Powered by Koha